Rafael Alberti y Nuria Espert : (Record no. 19427)
[ view plain ]
| 000 -CABECERA | |
|---|---|
| campo de control de longitud fija | 00457nam a22001337i 4500 |
| 001 - NÚMERO DE CONTROL | |
| campo de control | 000019914 |
| 005 - FECHA Y HORA DE LA ÚLTIMA TRANSACCIÓN | |
| campo de control | 20200929170205.0 |
| 008 - DATOS DE LONGITUD FIJA--INFORMACIÓN GENERAL | |
| campo de control de longitud fija | 800827|1979 ||| 000 0 spa |
| 040 ## - FUENTE DE LA CATALOGACIÓN | |
| Centro catalogador/agencia de origen | DO-SdBNP |
| Lengua de catalogación | spa |
| Centro/agencia transcriptor | BNPHU |
| 100 1# - ENTRADA PRINCIPAL--NOMBRE DE PERSONA | |
| Nombre de persona | Monleón, José, |
| Fechas asociadas al nombre | 1927- |
| 9 (RLIN) | 42475 |
| 245 10 - MENCIÓN DE TÍTULO | |
| Título | Rafael Alberti y Nuria Espert : |
| Resto del título | poesía y voz de la escena española / |
| Mención de responsabilidad, etc. | José Monleón. |
| 260 ## - PUBLICACIÓN, DISTRIBUCIÓN, ETC. | |
| Lugar de publicación, distribución, etc. | Caracas, Venezuela : |
| Nombre del editor, distribuidor, etc. | Editorial Ateneo de Caracas, |
| Fecha de publicación, distribución, etc. | 1979. |
| 300 ## - DESCRIPCIÓN FÍSICA | |
| Extensión | 223 p. : ; |
| Dimensiones | 20 cm. |
| Estado de retiro | Estado de pérdida | Restricciones de uso | No para préstamo | Código de colección | Localización permanente | Ubicación/localización actual | Ubicación en estantería | Fecha de adquisición | Número de inventario | Total de préstamos | Signatura topográfica completa | Código de barras | Fecha visto por última vez | Precio válido a partir de | Tipo de ítem Koha | Número de copia |
|---|---|---|---|---|---|---|---|---|---|---|---|---|---|---|---|---|
| Excluido de préstamo | Monografías: Libros y Folletos | General | General | En catalogación | 09.07.2010 | LF1 | 19914-10 | 25.06.2020 | 25.06.2020 | No se presta | ||||||
| Excluido de préstamo | Monografías: Libros y Folletos | General | General | En catalogación | 09.07.2010 | LF1 | 19914-20 | 25.06.2020 | 25.06.2020 | No se presta | e.2 |
